[Event "Ostravský koník 2014 - FIDE Open B"]
[Site "Ostrava, CZE"]
[Date "2014.04.28"]
[Round "3"]
[White "Chromík, Tomás"]
[Black "Demko, Robert"]
[Result "1-0"]
[WhiteElo "1939"]
[BlackElo "1562"]
[PlyCount "143"]

1. d4 Nf6 2. c4 e6 3. Nc3 d5 4. Bg5 Be7 5. e3 O-O 6. Nf3 h6 7. Bh4 b6 8. Qc2
Bb7 9. cxd5 exd5 10. Bd3 Nbd7 11. O-O c5 12. dxc5 bxc5 13. Be2 Qb6 14. Rfd1
Rfd8 15. a4 a6 16. a5 Qc7 17. Qf5 Rac8 18. Ne1 Ne5 19. Bg3 Bd6 20. Na4 Ned7 21.
Bxd6 Qxd6 22. Bf3 Qe6 23. Qc2 c4 24. Qd2 Nc5 25. Nxc5 Rxc5 26. Qb4 Rc7 27. Nc2
Ne4 28. Nd4 Qg6 29. Rac1 Qd6 30. Qxd6 Nxd6 31. Ne2 Ne8 32. Rd4 Nf6 33. b3 Rdc8
34. bxc4 dxc4 35. Bxb7 Rxb7 36. Rdxc4 Rxc4 37. Rxc4 Rb2 38. Kf1 Ra2 39. g3 Rxa5
40. Rc8+ Kh7 41. Rf8 Ra2 42. Rxf7 a5 43. Rb7 Ng4 44. h3 Nh2+ 45. Kg2 Rxe2 46.
Rf7 a4 47. Kxh2 a3 48. Kg2 a2 49. Ra7 Kg6 50. Kf3 Rb2 51. g4 Kf6 52. Ra6+ Ke5
53. Ra5+ Kf6 54. h4 g6 55. Kg3 Re2 56. Kf3 Rb2 57. g5+ hxg5 58. hxg5+ Ke6 59.
e4 Kd6 60. Ke3 Ke6 61. f4 Rc2 62. f5+ gxf5 63. exf5+ Kf7 64. Ra7+ Kf8 65. g6
Rg2 66. Kf3 Rg5 67. Kf4 Rg2 68. Ke5 Rb2 69. f6 Rb5+ 70. Kd4 Ke8 71. f7+ Kf8 72.
Ra8+ 1-0

[Event "Ostravský koník 2014 - FIDE Open B"]
[Site "Ostrava, CZE"]
[Date "2014.04.28"]
[Round "3"]
[White "Týn, Marek"]
[Black "Marková, Kristýna"]
[Result "1-0"]
[WhiteElo "1878"]
[BlackElo "1474"]
[PlyCount "75"]

1. e4 e5 2. Nf3 Nf6 3. Nxe5 d6 4. Nf3 Nxe4 5. d4 d5 6. Bd3 Nc6 7. O-O Be7 8. c4
Nb4 9. Be2 O-O 10. Nc3 c6 11. a3 Na6 12. Re1 Bg4 13. cxd5 Nxc3 14. bxc3 cxd5
15. Qb3 Qc7 16. Ne5 Bxe2 17. Rxe2 Bf6 18. Bd2 Rad8 19. Rb1 b6 20. Rbe1 Nb8 21.
Ng4 Nd7 22. Qxd5 Nc5 23. Nxf6+ gxf6 24. Qf5 Nd7 25. Bh6 Kh8 26. Bxf8 Rxf8 27.
Re7 Qxc3 28. Qxd7 Kg7 29. Qg4+ Kh8 30. Re8 Qxe1+ 31. Rxe1 h6 32. h4 Kh7 33. Re7
a6 34. h5 b5 35. Qg6+ Kh8 36. Rxf7 Rxf7 37. Qxf7 a5 38. d5 1-0

[Event "Ostravský koník 2014 - FIDE Open B"]
[Site "Ostrava, CZE"]
[Date "2014.04.28"]
[Round "3"]
[White "Chlebek, Jan"]
[Black "Gil, Karel"]
[Result "1-0"]
[WhiteElo "1543"]
[BlackElo "1873"]
[PlyCount "81"]

1. e4 c5 2. Nf3 Nc6 3. d4 cxd4 4. Nxd4 Nf6 5. Nc3 d6 6. Bc4 Qb6 7. Nb3 e6 8.
Be3 Qc7 9. f3 a6 10. Nd4 b5 11. Bb3 Be7 12. O-O O-O 13. Kh1 Nxd4 14. Qxd4 Bb7
15. a4 b4 16. Qxb4 d5 17. Qd4 Bd6 18. exd5 Nxd5 19. Bxd5 Bxd5 20. Nxd5 exd5 21.
Qxd5 Rad8 22. Qf5 Rfe8 23. Bg5 f6 24. Bh4 Re5 25. Qg4 Qf7 26. Rad1 f5 27. Qf4
Re6 28. Rfe1 Rxe1+ 29. Bxe1 Qe6 30. Qh4 Re8 31. Bc3 Qg6 32. Qc4+ Kh8 33. Qxa6
Rd8 34. Bb4 h5 35. Rxd6 Rxd6 36. Qxd6 Qg5 37. Bd2 Qh4 38. g3 Qxa4 39. Qf8+ Kh7
40. Qxf5+ Kg8 41. Qd5+ 1-0

[Event "Ostravský koník 2014 - FIDE Open B"]
[Site "Ostrava, CZE"]
[Date "2014.04.28"]
[Round "3"]
[White "Novák, Borivoj"]
[Black "Nytra, Ondrej"]
[Result "1-0"]
[WhiteElo "1844"]
[BlackElo "1452"]
[PlyCount "115"]

1. c4 e5 2. Nc3 Nf6 3. Nf3 Nc6 4. g3 d6 5. Bg2 h6 6. d3 g6 7. O-O Bg7 8. Rb1
O-O 9. Bd2 Bf5 10. a3 e4 11. Nh4 exd3 12. Nxf5 dxe2 13. Nxh6+ Bxh6 14. Nxe2
Bxd2 15. Qxd2 Rb8 16. b4 Ne5 17. Qc3 Kh7 18. Rbe1 Rh8 19. f4 Ned7 20. h3 b5 21.
Nd4 Qf8 22. cxb5 Qh6 23. Re7 Kg8 24. Qxc7 Nd5 25. Qxd7 Nxe7 26. Qxe7 Rc8 27.
Nc6 Rf8 28. Qxd6 Qh5 29. Re1 Qxb5 30. Re5 Qc4 31. Ne7+ Kg7 32. Rc5 Qb3 33. Qd4+
f6 34. Nd5 Rf7 35. Rc7 Rxc7 36. Qxf6+ Kg8 37. Qd8+ Kg7 38. Qxc7+ Kh6 39. Qe5
Rh7 40. Qg5+ Kg7 41. f5 Qb1+ 42. Kh2 Qxf5 43. Qxf5 gxf5 44. b5 Kh6 45. a4 Kg6
46. a5 Kg5 47. h4+ Kg6 48. b6 Kh6 49. a6 f4 50. b7 fxg3+ 51. Kxg3 Rg7+ 52. Kf3
Rf7+ 53. Nf4 Rf8 54. Ke3 Re8+ 55. Kd4 Kg7 56. Kd5 Kf6 57. Kd6 Kf7 58. Bh3 1-0

[Event "Ostravský koník 2014 - FIDE Open B"]
[Site "Ostrava, CZE"]
[Date "2014.04.28"]
[Round "3"]
[White "Stefaník, Petr"]
[Black "Mrázek, Roman"]
[Result "0-1"]
[WhiteElo "1456"]
[BlackElo "1842"]
[PlyCount "84"]

1. e4 c6 2. d4 d5 3. e5 Bf5 4. Bd3 Bxd3 5. Qxd3 e6 6. Nf3 Nd7 7. O-O Qb6 8. Nc3
c5 9. Na4 Qc6 10. Nc3 Ne7 11. Qb5 Ng6 12. Qxc6 bxc6 13. Be3 cxd4 14. Nxd4 Ndxe5
15. f4 Nc4 16. Bc1 Bc5 17. Nce2 O-O 18. Kh1 Bxd4 19. Nxd4 c5 20. Nb3 Rac8 21.
c3 Ne7 22. Re1 Nf5 23. g4 Nfd6 24. Nd2 Nxd2 25. Bxd2 Ne4 26. Be3 a5 27. Re2 a4
28. Bd2 Rb8 29. Rb1 c4 30. Be1 Rb7 31. Kg2 Rfb8 32. Kf3 Nc5 33. Bg3 Nd3 34. f5
Rxb2 35. Bxb8 Rxb1 36. Ba7 e5 37. Bd4 e4+ 38. Kg3 f6 39. h4 Rf1 40. Bf2 Rxf2
41. Rxf2 Nxf2 42. Kxf2 g6 0-1

[Event "Ostravský koník 2014 - FIDE Open B"]
[Site "Ostrava, CZE"]
[Date "2014.04.28"]
[Round "3"]
[White "Mikulenèák, Jan"]
[Black "Haska, Filip"]
[Result "1-0"]
[WhiteElo "1834"]
[BlackElo "1380"]
[PlyCount "63"]

1. e4 c5 2. Nf3 e6 3. d4 cxd4 4. Nxd4 Nf6 5. Bg5 Nc6 6. f3 Bc5 7. Nb3 Bb6 8.
Qd2 d5 9. exd5 exd5 10. Nc3 d4 11. Ne2 O-O 12. O-O-O Bf5 13. Nexd4 Nxd4 14.
Nxd4 Ba5 15. Qf4 Bg6 16. Nf5 Qb6 17. Bxf6 Qxf6 18. Nh6+ Kh8 19. Qxf6 gxf6 20.
Bd3 Rac8 21. Ng4 Rc6 22. Bxg6 fxg6 23. Rd7 Rc7 24. Rhd1 f5 25. Ne5 Re8 26. f4
Rec8 27. Rxc7 Rxc7 28. c3 g5 29. g3 Rc8 30. Nf7+ Kg7 31. Nxg5 Rc7 32. Ne6+ 1-0

[Event "Ostravský koník 2014 - FIDE Open B"]
[Site "Ostrava, CZE"]
[Date "2014.04.28"]
[Round "3"]
[White "Cubok, Milan"]
[Black "Depta, Tomás"]
[Result "1-0"]
[WhiteElo "1824"]
[BlackElo "1888"]
[PlyCount "75"]

1. d4 f5 2. e4 fxe4 3. Nc3 Nf6 4. Bg5 c6 5. Bxf6 exf6 6. Nxe4 d5 7. Ng3 Be6 8.
Bd3 Bd6 9. Qh5+ Bf7 10. Qg4 g6 11. O-O-O Qd7 12. Re1+ Kd8 13. Qf3 Be7 14. h4
Na6 15. c3 Qd6 16. h5 Kc7 17. N1e2 Rae8 18. hxg6 hxg6 19. Nf4 f5 20. Kc2 Bf6
21. Rxe8 Bxe8 22. Re1 Bf7 23. Bxa6 bxa6 24. Nd3 Re8 25. Rh1 Rh8 26. Rxh8 Bxh8
27. Nc5 f4 28. Ne2 g5 29. b4 Bg6+ 30. Nd3 a5 31. a3 axb4 32. axb4 a5 33. Kd2
axb4 34. Nxb4 Qe6 35. Nc1 Qf5 36. Qe2 Qe4 37. Qa6 Kd6 38. Qxc6+ 1-0

[Event "Ostravský koník 2014 - FIDE Open B"]
[Site "Ostrava, CZE"]
[Date "2014.04.28"]
[Round "3"]
[White "Nguyen, Thai Dai Vinh"]
[Black "Berka, Lubos"]
[Result "0-1"]
[WhiteElo "1451"]
[BlackElo "1793"]
[PlyCount "90"]

1. d4 Nf6 2. Nc3 g6 3. e4 d6 4. Nf3 Bg7 5. Bc4 Bg4 6. O-O O-O 7. h3 Bxf3 8.
Qxf3 Nc6 9. Be3 e5 10. dxe5 Nxe5 11. Qe2 Nxc4 12. Qxc4 Re8 13. Rad1 a6 14. Qd3
b5 15. a3 Nd7 16. f4 Bxc3 17. bxc3 Nc5 18. Bxc5 dxc5 19. Qe3 Qe7 20. Rfe1 Rad8
21. e5 c4 22. Qe4 Qe6 23. Rd4 c5 24. Rdd1 Rd7 25. g4 Red8 26. f5 Qe8 27. Rxd7
Rxd7 28. Qc6 Qe7 29. f6 Qd8 30. e6 fxe6 31. Qxe6+ Kf8 32. Qe5 Rd5 33. Qe6 Rd6
34. Qe5 Rxf6 35. Qxc5+ Qd6 36. Qc8+ Kg7 37. Qb7+ Rf7 38. Qe4 Qg3+ 39. Kh1 Qxh3+
40. Kg1 Qg3+ 41. Kh1 Qf3+ 42. Qxf3 Rxf3 43. Re6 Rxc3 44. Rxa6 Rxc2 45. Ra5 Rb2
0-1

[Event "Ostravský koník 2014 - FIDE Open B"]
[Site "Ostrava, CZE"]
[Date "2014.04.28"]
[Round "3"]
[White "Petrov, Nikolaj"]
[Black "Smrek, Dusan"]
[Result "1/2-1/2"]
[WhiteElo "1777"]
[BlackElo "1815"]
[PlyCount "83"]

1. Nf3 Nf6 2. c4 e6 3. Nc3 d5 4. d4 c6 5. g3 Bb4 6. Bg2 Ne4 7. Qc2 Qa5 8. Bd2
Nxd2 9. Qxd2 dxc4 10. O-O O-O 11. Ne5 Qa6 12. Qc2 Nd7 13. a3 Be7 14. Ng4 b5 15.
a4 b4 16. Nb1 Bb7 17. Nd2 c3 18. bxc3 Qxe2 19. Bf3 Qa6 20. cxb4 Bxb4 21. Nc4
Be7 22. Be2 c5 23. Nce5 Nxe5 24. Nxe5 Qd6 25. Qb2 Bd5 26. dxc5 Qc7 27. Rac1
Rab8 28. Qd4 Rfd8 29. Qf4 Bf6 30. Nd3 e5 31. Qe3 Bc6 32. Rc4 Rb3 33. Rb4 Ra3
34. f3 a5 35. Rb6 e4 36. Qc1 Ra1 37. Qf4 Rxf1+ 38. Kxf1 Qe7 39. Nf2 Qxc5 40.
Rb8 Qe7 41. Nxe4 Bxe4 42. Rxd8+ 1/2-1/2

[Event "Ostravský koník 2014 - FIDE Open B"]
[Site "Ostrava, CZE"]
[Date "2014.04.28"]
[Round "3"]
[White "Neumann, Filip"]
[Black "Kacír, Tomás"]
[Result "0-1"]
[WhiteElo "1370"]
[BlackElo "1771"]
[PlyCount "90"]

1. e4 e5 2. Nf3 Nc6 3. Bb5 a6 4. Ba4 Nf6 5. O-O d6 6. Re1 Be7 7. h3 O-O 8. d4
exd4 9. Nxd4 Nxd4 10. Qxd4 b5 11. Bb3 Bb7 12. c4 b4 13. Bf4 Nd7 14. Nd2 Bf6 15.
Qd3 Bxb2 16. Rab1 Bc3 17. Bc2 Ne5 18. Bxe5 dxe5 19. Rbd1 Qxd3 20. Bxd3 Rfd8 21.
Re3 Rd7 22. Nb3 Bd4 23. Nxd4 Rxd4 24. Rb1 c5 25. f3 Rad8 26. Rb3 a5 27. Be2 Ba6
28. a4 Bxc4 29. Bxc4 Rxc4 30. Rbd3 Rcd4 31. Rxd4 Rxd4 32. Re2 c4 33. Kf2 c3 34.
Ke3 f6 35. Rc2 Kf7 36. f4 Ke6 37. f5+ Kd6 38. g4 Kc5 39. h4 Kc4 40. g5 Rd3+ 41.
Ke2 b3 42. Rc1 c2 43. h5 h6 44. gxh6 gxh6 45. Ke1 Kc3 0-1

[Event "Ostravský koník 2014 - FIDE Open B"]
[Site "Ostrava, CZE"]
[Date "2014.04.28"]
[Round "3"]
[White "Klimes, Jan"]
[Black "Cvik, Stepán"]
[Result "1/2-1/2"]
[WhiteElo "1763"]
[BlackElo "1723"]
[PlyCount "45"]

1. e4 c5 2. Nf3 d6 3. Nc3 Nc6 4. Be2 g6 5. O-O Bg7 6. d3 a6 7. a3 Nf6 8. Bd2
O-O 9. Qc1 Re8 10. Re1 Bd7 11. b3 Rc8 12. Nd5 Nd4 13. Nxd4 cxd4 14. Nxf6+ Bxf6
15. Bd1 Qc7 16. Bg5 Bg7 17. Bh6 Bh8 18. f4 e6 19. Rb1 f5 20. Rb2 Bc6 21. Bf3 b6
22. g4 Qb7 23. Qd1 1/2-1/2

[Event "Ostravský koník 2014 - FIDE Open B"]
[Site "Ostrava, CZE"]
[Date "2014.04.28"]
[Round "3"]
[White "Szotkowski, David"]
[Black "Nisztuk, Michal"]
[Result "0-1"]
[WhiteElo "1300"]
[BlackElo "1762"]
[PlyCount "44"]

1. e4 e5 2. Nf3 Nc6 3. Bc4 Nf6 4. d3 d5 5. exd5 Nxd5 6. Nbd2 Bg4 7. O-O Bc5 8.
Ne4 Bb6 9. Bg5 Nf6 10. Re1 Nd4 11. Ned2 Nxf3+ 12. Nxf3 O-O 13. Rxe5 Qd6 14.
Bxf6 Qxf6 15. Re4 Bxf3 16. Qxf3 Qxb2 17. Rae1 Qxc2 18. Re8 Raxe8 19. Qxf7+ Kh8
20. Qxe8 Qxf2+ 21. Kh1 Be3 22. Qxe3 Qxe3 0-1

[Event "Ostravský koník 2014 - FIDE Open B"]
[Site "Ostrava, CZE"]
[Date "2014.04.28"]
[Round "3"]
[White "Hanák, Tomás"]
[Black "Hotárek, Jaroslav"]
[Result "1-0"]
[WhiteElo "1757"]
[BlackElo "1668"]
[PlyCount "49"]

1. e4 e6 2. d4 d6 3. Nc3 c6 4. f4 Be7 5. Nf3 Nf6 6. Be3 Ng4 7. Bg1 b5 8. Qd2
Nf6 9. Bd3 a5 10. O-O-O Ba6 11. Kb1 b4 12. Ne2 Bxd3 13. Qxd3 d5 14. e5 Ne4 15.
Nd2 Nxd2+ 16. Rxd2 Nd7 17. f5 Bg5 18. fxe6 fxe6 19. Be3 Bxe3 20. Qxe3 Qe7 21.
Nf4 Nb6 22. Qh3 Kd7 23. Rf2 g6 24. Nxe6 Qxe6 25. Rf7+ 1-0

[Event "Ostravský koník 2014 - FIDE Open B"]
[Site "Ostrava, CZE"]
[Date "2014.04.28"]
[Round "3"]
[White "Snásel, Michal"]
[Black "Kubelka, Jaroslav"]
[Result "1-0"]
[WhiteElo "1726"]
[BlackElo "1550"]
[PlyCount "31"]

1. e4 c5 2. d4 cxd4 3. c3 dxc3 4. Nxc3 d6 5. Bc4 e6 6. Nf3 a6 7. Qe2 Nc6 8. O-O
b5 9. Bb3 Be7 10. Rd1 Qc7 11. Bf4 Nf6 12. Rac1 Nd7 13. Nd5 exd5 14. exd5 Bb7
15. dxc6 Bxc6 16. Bxd6 1-0

[Event "Ostravský koník 2014 - FIDE Open B"]
[Site "Ostrava, CZE"]
[Date "2014.04.28"]
[Round "3"]
[White "Bartos, Michal"]
[Black "Szabó, Pavel"]
[Result "1-0"]
[WhiteElo "1960"]
[BlackElo "1720"]
[PlyCount "71"]

1. e4 c5 2. Nc3 g6 3. f4 Bg7 4. Bc4 e6 5. Nf3 Ne7 6. O-O O-O 7. d3 d5 8. Bb3
Nbc6 9. a3 Nd4 10. Nxd4 Bxd4+ 11. Kh1 Bg7 12. Qe1 b6 13. Ne2 Bb7 14. Ng3 a5 15.
a4 Rc8 16. c3 dxe4 17. dxe4 Rc7 18. Qf2 Rd7 19. f5 exf5 20. exf5 Nd5 21. Ne4 f6
22. fxg6 hxg6 23. Qg3 g5 24. h4 gxh4 25. Qxh4 Rff7 26. Kg1 Qe7 27. Bd2 f5 28.
Ng5 Bf8 29. Rae1 Qd8 30. Qh5 Rf6 31. Re8 Qc7 32. Ne6 Qg3 33. Rf3 Qg4 34. Qxg4+
fxg4 35. Rxf6 Nxf6 36. Rxf8+ 1-0

[Event "Ostravský koník 2014 - FIDE Open B"]
[Site "Ostrava, CZE"]
[Date "2014.04.28"]
[Round "3"]
[White "Rychtecký, Pavel"]
[Black "Bosòák, Ondrej"]
[Result "1-0"]
[WhiteElo "1717"]
[BlackElo "1471"]
[PlyCount "59"]

1. e4 e6 2. d4 d5 3. Nc3 c5 4. Nf3 Nc6 5. Bb5 Bd7 6. exd5 exd5 7. O-O Bg4 8.
Re1+ Be7 9. dxc5 Nf6 10. h3 Bh5 11. g4 Bg6 12. Ne5 Rc8 13. Bg5 O-O 14. Bxc6
bxc6 15. b4 Qc7 16. Bf4 Qd8 17. Qe2 d4 18. Nxg6 fxg6 19. Qc4+ Nd5 20. Nxd5 cxd5
21. Qxd4 Bf6 22. Be5 Bh4 23. Re2 Rf7 24. Rd1 Qf8 25. Kg2 Re8 26. f4 Bf6 27.
Rdd2 Bh4 28. Qxd5 Rd8 29. Bd6 Be7 30. Rxe7 1-0

[Event "Ostravský koník 2014 - FIDE Open B"]
[Site "Ostrava, CZE"]
[Date "2014.04.28"]
[Round "3"]
[White "Skrle, Vladimír"]
[Black "Kabelka, Ondrej"]
[Result "0-1"]
[WhiteElo "1830"]
[BlackElo "1697"]
[PlyCount "64"]

1. e4 e6 2. d3 c5 3. Nd2 Nc6 4. Ngf3 d5 5. g3 Nf6 6. Bg2 Be7 7. O-O O-O 8. Re1
Qc7 9. Nf1 b6 10. e5 Nd7 11. Bf4 d4 12. h4 Bb7 13. N1h2 Nb4 14. Qd2 Nd5 15. h5
Nxf4 16. Qxf4 h6 17. g4 f6 18. Qg3 fxe5 19. g5 hxg5 20. Nxg5 Bxg5 21. Qxg5 Rf5
22. Qh4 Nf6 23. Ng4 Nxh5 24. Bxb7 Qxb7 25. Nxe5 Nf4 26. Re4 g5 27. Qg4 Qh7 28.
Nf3 Raf8 29. Rxf4 Rxf4 30. Qxe6+ Kh8 31. Qe5+ Qg7 32. Qxg7+ Kxg7 0-1

[Event "Ostravský koník 2014 - FIDE Open B"]
[Site "Ostrava, CZE"]
[Date "2014.04.28"]
[Round "3"]
[White "Kusák, Lubomír"]
[Black "Soukup, Ondrej"]
[Result "1-0"]
[WhiteElo "1685"]
[BlackElo "1250"]
[PlyCount "71"]

1. e4 c5 2. Nf3 d6 3. d4 cxd4 4. Nxd4 a6 5. Nc3 Nf6 6. Bg5 e5 7. Nb3 Be6 8. Be2
Nbd7 9. Qd2 Be7 10. f4 b5 11. Bf3 O-O 12. f5 Bc4 13. Be3 Rc8 14. g4 Nc5 15.
Nxc5 dxc5 16. Qg2 Qc7 17. g5 Nd7 18. f6 Bd8 19. fxg7 Kxg7 20. Qh3 Kh8 21. Bg4
Be6 22. Bxe6 fxe6 23. Qxe6 Rf3 24. Nd5 Qb7 25. O-O-O Rc6 26. Qg4 Rf8 27. Rhf1
Rxf1 28. Rxf1 Rg6 29. Rf7 Rd6 30. Qf5 Rg6 31. Rxd7 Qb8 32. Qf7 Be7 33. Qxe7 Qg8
34. Nf6 Qg7 35. Rd8+ Qg8 36. Qxh7# 1-0

[Event "Ostravský koník 2014 - FIDE Open B"]
[Site "Ostrava, CZE"]
[Date "2014.04.28"]
[Round "3"]
[White "Crha, Bretislav"]
[Black "Repák, Jan"]
[Result "0-1"]
[WhiteElo "1799"]
[BlackElo "1679"]
[PlyCount "64"]

1. e4 c5 2. Nf3 d6 3. d4 cxd4 4. Nxd4 Nf6 5. Nc3 a6 6. Be2 e6 7. O-O Be7 8. Be3
b5 9. Bf3 d5 10. exd5 Nxd5 11. Nxd5 exd5 12. Bf4 Bb7 13. Re1 O-O 14. c3 Bf6 15.
Nf5 Qd7 16. Bg4 Qc6 17. Be5 g6 18. Nd4 Qb6 19. Bxf6 Qxf6 20. Nb3 Qb6 21. Qd2
Kg7 22. Qg5 Qf6 23. Qe3 Nc6 24. Nc5 Bc8 25. Bf3 Rd8 26. Rad1 Ra7 27. Ne6+ Bxe6
28. Qc5 Rc7 29. Qb6 Rdd7 30. Bxd5 Bxd5 31. Rxd5 Rxd5 32. Qxc7 Qd6 0-1

[Event "Ostravský koník 2014 - FIDE Open B"]
[Site "Ostrava, CZE"]
[Date "2014.04.28"]
[Round "3"]
[White "Kaplita, Ladislav"]
[Black "Odstrèil, Lukás"]
[Result "0-1"]
[WhiteElo "1678"]
[BlackElo "1220"]
[PlyCount "118"]

1. e4 c5 2. Nf3 d6 3. c4 Nf6 4. Nc3 g6 5. d3 Bg7 6. Be2 O-O 7. O-O Nc6 8. Bg5
Bd7 9. Qd2 a6 10. Rad1 Qb6 11. b3 Qa5 12. Bxf6 Bxf6 13. Nd5 Qxd2 14. Nxf6+ exf6
15. Rxd2 Rfe8 16. Rfd1 Bg4 17. Nh4 Bxe2 18. Rxe2 Nd4 19. Red2 Rad8 20. Nf3 Kg7
21. Nxd4 cxd4 22. f3 Re6 23. g4 Rde8 24. Re1 Re5 25. b4 h5 26. h3 hxg4 27. hxg4
Rh8 28. f4 Ree8 29. Ree2 Rh4 30. Rg2 Reh8 31. f5 R8h7 32. Rb2 Rh1+ 33. Kf2 R7h2
34. b5 a5 35. Rd2 b6 36. Kg3 Rxg2+ 37. Kxg2 Ra1 38. Kf3 Rf1+ 39. Kg2 Ra1 40.
Kf3 Rh1 41. Kg2 Ra1 42. Kf3 Rh1 43. Kg2 Rh8 44. Kg3 Rh7 45. Kg2 Kh6 46. Kf3 Kg5
47. fxg6 fxg6 48. Rg2 Rh3+ 49. Ke2 Re3+ 50. Kd2 Rf3 51. Ke2 Rf4 52. a4 Rxg4 53.
Rh2 Rh4 54. Rg2+ Kh6 55. Rf2 Kg7 56. Rf1 Rh2+ 57. Rf2 Rxf2+ 58. Kxf2 g5 59. Kf3
Kg6 0-1

[Event "Ostravský koník 2014 - FIDE Open B"]
[Site "Ostrava, CZE"]
[Date "2014.04.28"]
[Round "3"]
[White "Koèur, Radim"]
[Black "Volèík, Milan"]
[Result "1/2-1/2"]
[WhiteElo "1719"]
[BlackElo "1670"]
[PlyCount "37"]

1. e4 e6 2. d4 d5 3. Nd2 c5 4. c3 cxd4 5. cxd4 dxe4 6. Nxe4 Nc6 7. Nf3 h6 8.
Be2 Be7 9. O-O Nf6 10. Nc3 O-O 11. Bc4 a6 12. Bf4 b5 13. Bb3 b4 14. Na4 Qa5 15.
Rc1 Bd7 16. Nc5 Be8 17. Qd2 Bxc5 18. dxc5 Bd7 19. Rfd1 1/2-1/2

[Event "Ostravský koník 2014 - FIDE Open B"]
[Site "Ostrava, CZE"]
[Date "2014.04.28"]
[Round "3"]
[White "Filip, Tomás"]
[Black "Havelka, Ondrej"]
[Result "0-1"]
[WhiteElo "1608"]
[BlackElo "1661"]
[PlyCount "32"]

1. e4 e6 2. d4 d5 3. Nc3 Nf6 4. Bg5 Bb4 5. e5 h6 6. Bd2 Bxc3 7. bxc3 Ne4 8. Bd3
Nxd2 9. Qxd2 c5 10. f4 Nc6 11. Nf3 Qa5 12. g4 h5 13. g5 g6 14. dxc5 Qxc5 15.
Nd4 Bd7 16. Nb5 Nxe5 0-1

[Event "Ostravský koník 2014 - FIDE Open B"]
[Site "Ostrava, CZE"]
[Date "2014.04.28"]
[Round "3"]
[White "Machura, Jaroslav"]
[Black "Veselský, Jan"]
[Result "0-1"]
[WhiteElo "1000"]
[BlackElo "1655"]
[PlyCount "80"]

1. e4 c6 2. Nf3 d5 3. exd5 cxd5 4. d4 Nf6 5. Nc3 Bg4 6. h3 Bxf3 7. Qxf3 e6 8.
Bb5+ Nc6 9. Bg5 Be7 10. O-O O-O 11. Ne2 a6 12. Bd3 Nb4 13. g3 b5 14. Kg2 Qb6
15. h4 Rfc8 16. c3 Nxd3 17. Qxd3 Rc6 18. Nf4 Rc7 19. Rh1 a5 20. Nh3 b4 21. Bd2
g6 22. Ng5 h5 23. Nf3 Ne4 24. Ne5 Rac8 25. Rac1 bxc3 26. bxc3 Ba3 27. Rc2 Nd6
28. Nxg6 Nf5 29. Nf4 Nxd4 30. Nxh5 Nxc2 31. Qxc2 d4 32. Rb1 Qc6+ 33. f3 dxc3
34. Bh6 e5 35. Qf5 Be7 36. Rb7 Qg6 37. Qxg6+ fxg6 38. Rxc7 Rxc7 39. Ng7 c2 40.
Ne6 Rc6 0-1

[Event "Ostravský koník 2014 - FIDE Open B"]
[Site "Ostrava, CZE"]
[Date "2014.04.28"]
[Round "3"]
[White "Halacz, Martin"]
[Black "Koèí, Tomás"]
[Result "1-0"]
[WhiteElo "1000"]
[BlackElo "1710"]
[PlyCount "51"]

1. e4 e5 2. f4 d5 3. exd5 exf4 4. Nf3 Nf6 5. Bb5+ Bd7 6. Nc3 Bxb5 7. Nxb5 Qe7+
8. Qe2 Qxe2+ 9. Kxe2 Nxd5 10. c4 a6 11. Nbd4 Nf6 12. Re1 Bd6 13. Nf5 O-O 14.
Nxd6 cxd6 15. d3 Re8+ 16. Kf1 Rxe1+ 17. Kxe1 Nh5 18. b3 Nd7 19. Ba3 Re8+ 20.
Kd2 d5 21. cxd5 Nhf6 22. d6 Nd5 23. Rc1 f6 24. Nd4 g6 25. Ne2 Ne3 26. Rc7 1-0

[Event "Ostravský koník 2014 - FIDE Open B"]
[Site "Ostrava, CZE"]
[Date "2014.04.28"]
[Round "3"]
[White "Sikora, Matous"]
[Black "Balon, René"]
[Result "1/2-1/2"]
[WhiteElo "1661"]
[BlackElo "1759"]
[PlyCount "52"]

1. e4 c6 2. d4 d5 3. exd5 cxd5 4. c4 Nf6 5. Nc3 e6 6. Bg5 Be7 7. Nf3 O-O 8. Bd3
Nbd7 9. O-O dxc4 10. Bxc4 Nb6 11. Bb3 Nfd5 12. Bxe7 Nxe7 13. Re1 Nbd5 14. Rc1
b6 15. Qe2 Bb7 16. Nxd5 Nxd5 17. Qe5 Rc8 18. a3 Qf6 19. Bxd5 Bxd5 20. Nd2 Qg6
21. Qg3 Qxg3 22. hxg3 Rfd8 23. f3 Bb7 24. Nb3 a5 25. Rxc8 Rxc8 26. Rc1 Rxc1+
1/2-1/2

[Event "Ostravský koník 2014 - FIDE Open B"]
[Site "Ostrava, CZE"]
[Date "2014.04.28"]
[Round "3"]
[White "Fridrisek, Tomás"]
[Black "Brzezny, Petr"]
[Result "0-1"]
[WhiteElo "1473"]
[BlackElo "1618"]
[PlyCount "80"]

1. e4 c5 2. Nc3 d6 3. g3 g6 4. Bg2 Bg7 5. d3 Nc6 6. Be3 Nf6 7. h3 Bd7 8. Qd2 h5
9. Nge2 a6 10. a3 Rc8 11. Nd1 b5 12. d4 cxd4 13. Nxd4 Ne5 14. Bg5 Nc4 15. Qd3
Nh7 16. Be3 O-O 17. c3 Nxe3 18. Nxe3 Ng5 19. f4 Ne6 20. Nxe6 Bxe6 21. g4 Bc4
22. Nxc4 Rxc4 23. gxh5 gxh5 24. Qg3 e5 25. f5 Kh8 26. h4 d5 27. O-O-O d4 28.
Kb1 Qa5 29. cxd4 exd4 30. Qf3 b4 31. Qxh5+ Kg8 32. Bf1 d3 33. Bxd3 Qe5 34. Rd2
Rd4 35. Qe2 bxa3 36. Qh2 Qa5 37. bxa3 Qxa3 38. Bf1 Rb4+ 39. Kc2 Rc8+ 40. Kd1
Qf3+ 0-1

[Event "Ostravský koník 2014 - FIDE Open B"]
[Site "Ostrava, CZE"]
[Date "2014.04.28"]
[Round "3"]
[White "Cech, Jan"]
[Black "Holis, Jaroslav"]
[Result "1/2-1/2"]
[WhiteElo "1615"]
[BlackElo "1621"]
[PlyCount "58"]

1. e4 e5 2. Nf3 Nc6 3. d4 exd4 4. Bc4 Be7 5. Nxd4 d6 6. Nc3 Nf6 7. O-O O-O 8.
Be3 Nxd4 9. Qxd4 Ng4 10. Bf4 Bf6 11. Qd2 Bxc3 12. Qxc3 Qf6 13. Qxf6 gxf6 14. b3
Ne5 15. Be2 Bd7 16. Rad1 Ng6 17. Bg3 Rfe8 18. f3 f5 19. Bd3 f4 20. Bf2 a6 21.
c4 Re7 22. Rd2 Ne5 23. Bc2 Re6 24. Rfd1 Rg6 25. Kh1 Be6 26. c5 dxc5 27. Bxc5
Nc6 28. Kg1 h5 29. h4 Kg7 1/2-1/2

[Event "Ostravský koník 2014 - FIDE Open B"]
[Site "Ostrava, CZE"]
[Date "2014.04.28"]
[Round "3"]
[White "Vantuch, Lucian"]
[Black "Bok, Zdenek"]
[Result "0-1"]
[WhiteElo "1334"]
[BlackElo "1502"]
[PlyCount "156"]

1. e4 d5 2. exd5 Qxd5 3. Nc3 Qa5 4. d4 c6 5. Nf3 Bg4 6. Be2 Nf6 7. O-O e6 8.
Re1 Nbd7 9. Bf4 Nd5 10. Bd2 Qc7 11. Ne5 Bxe2 12. Qxe2 N5f6 13. Rad1 Bd6 14. f4
O-O 15. Qf3 Bxe5 16. fxe5 Nd5 17. Qg3 f5 18. Rf1 Nxc3 19. Bxc3 Nb6 20. Bb4 Rf7
21. Bd6 Qd7 22. Qg5 Nc4 23. Bc5 Nxb2 24. Rb1 Nc4 25. c3 b5 26. Rf3 Qd8 27. Qf4
Qe8 28. Rh3 g6 29. Rf1 a6 30. Rff3 Raa7 31. Rfg3 Rg7 32. Qh6 Rab7 33. Qh4 Nd2
34. Ba3 Ne4 35. Re3 g5 36. Qe1 h5 37. Rhf3 a5 38. Bd6 g4 39. Rf1 Qg6 40. Bf8
Rgf7 41. Ba3 Kh7 42. Qd1 f4 43. Rd3 h4 44. Kh1 g3 45. h3 Nf2+ 46. Rxf2 gxf2 47.
Qf1 Rg7 48. Bc1 Qe4 49. Rf3 Qxf3 50. gxf3 Rg1+ 51. Qxg1 fxg1=Q+ 52. Kxg1 Rf7
53. Kf2 Kg6 54. Bd2 Kf5 55. Be1 Kg5 56. a3 a4 57. Ke2 Rd7 58. Bf2 Kh5 59. Kd1
Kg5 60. Ke2 Rh7 61. Kf1 Kg6 62. Bg1 Kf7 63. Bh2 Kg6 64. Kf2 Kf5 65. Kf1 c5 66.
dxc5 Kxe5 67. Bg1 Kd5 68. Ke2 Kc4 69. Bf2 Kxc3 70. c6 Rc7 71. Bxh4 Rxc6 72. Bg5
e5 73. Be7 Kd4 74. h4 Rc2+ 75. Ke1 Ke3 76. Kd1 Rh2 77. Bg5 Kxf3 78. Ke1 e4 0-1

[Event "Ostravský koník 2014 - FIDE Open B"]
[Site "Ostrava, CZE"]
[Date "2014.04.28"]
[Round "3"]
[White "Palanek, René"]
[Black "Pindjak, Michal"]
[Result "0-1"]
[WhiteElo "1090"]
[BlackElo "1766"]
[PlyCount "46"]

1. e4 e5 2. Nf3 Nc6 3. Nc3 Nf6 4. Bb5 d6 5. Bxc6+ bxc6 6. d3 Bg4 7. O-O Be7 8.
Be3 O-O 9. d4 exd4 10. Bxd4 c5 11. Bxf6 Bxf6 12. h3 Bxc3 13. bxc3 Bh5 14. Qe2
Qf6 15. c4 Rab8 16. e5 Bxf3 17. exf6 Bxe2 18. fxg7 Rfe8 19. Rfe1 Kxg7 20. f3
Bxc4 21. g4 Rxe1+ 22. Rxe1 Bxa2 23. f4 Rb1 0-1

[Event "Ostravský koník 2014 - FIDE Open B"]
[Site "Ostrava, CZE"]
[Date "2014.04.28"]
[Round "3"]
[White "Carbol, Otmar"]
[Black "Tatarèík, Vladimír"]
[Result "1-0"]
[WhiteElo "1683"]
[BlackElo "1889"]
[PlyCount "21"]

1. c4 Nc6 2. Nc3 e5 3. d3 f5 4. e4 Nf6 5. g3 Bc5 6. Bg2 O-O 7. Be3 Bxe3 8. fxe3
Ng4 9. Qe2 Qg5 10. Nd5 fxe4 11. dxe4 1-0